Instituciones de derecho concursal. Efectos de la quiebra
Đã lưu trong:
| Tác giả chính: | |
|---|---|
| Định dạng: | Sách |
| Ngôn ngữ: | Tiếng Tây Ban Nha |
| Được phát hành: |
Santiago
Lexis Nexis
2007
|
| Phiên bản: | 1a. ed |
| Những chủ đề: | |
| Các nhãn: |
Thêm thẻ
Không có thẻ, Là người đầu tiên thẻ bản ghi này!
|
MARC
| LEADER | 00000nam a2200000 a 4500 | ||
|---|---|---|---|
| 001 | UCI2664 | ||
| 003 | CL-VaPUC | ||
| 008 | 070907e20070000CL |||||||||||||||||spa|d | ||
| 020 | |a 9789562386944 | ||
| 082 | 0 | 4 | |a 346.83078 |b ROM |2 21 |
| 100 | 0 | |a Román Rodríguez, Juan Pablo |e author |9 523762 | |
| 245 | 1 | 0 | |a Instituciones de derecho concursal. Efectos de la quiebra |
| 250 | |a 1a. ed | ||
| 300 | |a 345 p | ||
| 942 | |c BK | ||
| 945 | |d 20070907 00:00:00 |a rbrito | ||
| 260 | |a Santiago |b Lexis Nexis |c 2007 | ||
| 650 | 0 | |a Quiebra |9 255386 | |
| 650 | 0 | |a Síndico de quiebra |9 404573 | |
| 650 | 0 | |a Derecho concursal |9 374010 | |
| 650 | 0 | |a Acreedor |9 388863 | |
| 650 | 7 | |a QUIEBRA PUNIBLE |2 CL-VaPUC |9 336778 | |
| 650 | 7 | |a ENAJENACION DE UNIDADES ECONOMICAS |2 CL-VaPUC |9 523763 | |
| 650 | 7 | |a CONTINUACION DE GIRO |2 CL-VaPUC |9 523764 | |
| 650 | 7 | |a JUNTA DE ACREEDORES |2 CL-VaPUC |9 386253 | |
| 583 | |a last modification |c 20160105 01:27:29 |k Rodrigo Vera | ||
| 999 | |c 327145 |d 327143 | ||
| 952 | |0 0 |1 0 |4 0 |6 346_830780000000000_ROM_2007 |7 0 |8 A |9 409614 |a BIBDER |b BIBDER |d 2019-11-22 |i 4389123 |o 346.83078 ROM 2007 |p 4389123 |r 2023-01-25 |w 2019-11-22 |y BK |k DER | ||
| 952 | |0 0 |1 0 |4 0 |6 346_830780000000000_ROM_2007 |7 0 |8 A |9 409617 |a BIBDER |b BIBDER |d 2019-11-22 |i 4473043 |l 1 |o 346.83078 ROM 2007 |p 4473043 |r 2023-03-09 |s 2023-03-09 |w 2019-11-22 |y BK |k DER | ||